LEADER 00739nam a2200205 i 4500 001 000000175641 003 CaOOAMICUS 005 20081114000000.0 008 081114n it u000 u ita u 013 $a153124 040 $aSeMil$bita 245 10$aAnno 1971-1972 :$bSezione Teologica. 300 $a1 v. 500 $aTesto dattiloscritto. 650 4$aDispense scolastiche.$0(OLS)http://semarc/subject/526 773 0 $tCorso Educatori Seminari Lombardi.$d[S.l. : s.n.], 1971-[19--?]$g[1$w()20277 850 $aSeMil 852 $aSeMil$W1$xVenegono$y1$m6X IV 12/1$j126463$B126463$CSeMilBibl$Z2$F137119 $8B 961 $aOmaggio: Livetti mons. Claudio 996 $6245$aAnno 1971-1972 :$bSezione Teologica$9(OLS)http://semarc/title/251951 LEADER 01106nam a2200265 i 4500 001 000000083836 003 CaOOAMICUS 005 20250122140336.0 008 160105s2015 it u000 u ita u 013 $a56076 020 $a978-88-6894-081-2 040 $aSeMil$bita 100 1 $aUberti, Bortolo,$c.$0(OLS)http://semarc/name/39309 245 10$aAmare, anima & corpo :$bopere di misericordia qui e oggi /$cBortolo Uberti, Rosanna Virgili. 260 $aMilano :$bCentro Ambrosiano,$c2015. 300 $a154 p. ;$c21 cm. 650 4$aOpere di misericordia.$0(OLS)http://semarc/subject/16174 700 1 $aVirgili, Rosanna,$d<1958- >.$0(OLS)http://semarc/name/39310 850 $aSeMil 852 $aSeMil$W1$xVenegono$y1$m3F IV 416$j48325$B48325$CSeMilBibl$Z2$F51435 $81 961 $aOmaggio: Altro 996 $6020$a978-88-6894-081-2$9(OLS)http://semarc/number/64522 996 $6245$aAmare, anima & corpo :$bopere di misericordia qui e oggi$9(OLS)http://semarc/title/405521 996 $6260$aMilano :$bCentro Ambrosiano$9(OLS)http://semarc/publisher/29766